000 00416nam a2200145Ia 4500
008 220216s9999 xx 000 0 und d
100 _aCotton F H
245 0 _aActivating influence of metallic oxides on vulcanisation in the presence of organic accelerators
260 _bIRI Transactions
_c1937
300 _a230-250
650 _aAccelerators
650 _aVulcanisation
700 _aWesthead J
942 _cJS
999 _c53767
_d53767